[Event "World Rapid 2019"]
[Site "Moscow RUS"]
[Date "2019.12.26"]
[Round "3.74"]
[White "Castellanos Rodriguez, Renier"]
[Black "Kim, Alexey"]
[Result "1-0"]
[WhiteTitle "IM"]
[BlackTitle "GM"]
[WhiteElo "2474"]
[BlackElo "2464"]
[WhiteFideId "3404650"]
[BlackFideId "4129776"]
[EventDate "2019.12.26"]
[EventType "rapid"]

1. c4 e6 2. Nc3 d5 3. d4 Nf6 4. cxd5 exd5 5. Bg5 Be7 6. e3 c6 7. Bd3 Nbd7 8. h3
Nf8 9. Bf4 Ng6 10. Bh2 Nh4 11. Bg3 Nf5 12. Be5 Bd6 13. Nf3 Bxe5 14. dxe5 Ng8 15.
Qc2 Nh4 16. O-O-O Nxf3 17. gxf3 Ne7 18. h4 h5 19. Kb1 Qa5 20. Rhg1 g6 21. Rg5
Be6 22. a3 Rc8 23. Ne2 c5 24. Nf4 Rc6 25. Nxe6 Rxe6 26. e4 c4 27. Bf1 Rb6 28.
Ka1 c3 29. Qxc3 Qxc3 30. bxc3 dxe4 31. fxe4 O-O 32. Rd7 Re8 33. Bc4 Kf8 34. Rg3
Rc8 35. Ba2 Ke8 36. Rgd3 Rb5 37. f4 a5 38. a4 Rbc5 39. Rxb7 Rxc3 40. Rdd7 Rc1+
41. Bb1 Nc6 42. Rxf7 Rb8 43. Rxb8+ Kxf7 44. Rc8 Ke7 45. Rc7+ Kd8 46. Rg7 Ne7 47.
Kb2 Rf1 48. f5 gxf5 49. exf5 Nxf5 50. Rf7 Ne3 51. Rxf1 Nxf1 52. Kc3 Ke7 53. Bg6
Ke6 54. Kd4 Ng3 55. Bd3 Nh1 56. Be2 Ng3 57. Bc4+ Ke7 58. Bd3 Ke6 59. Bg6 Ke7 60.
Ke3 Ke6 61. Kf4 Ne2+ 62. Kg5 Kxe5 63. Bxh5 Nc3 64. Be8 Ke6 65. Kg6 Ke7 66. Bc6
Kf8 67. Kh7 Kf7 68. h5 Kf8 69. Bb5 Nd5 70. h6 Nf4 71. Bc4 Ng2 72. Kg6 Nf4+ 73.
Kg5 Ng2 74. Kf6 Ne3 75. Be6 1-0

[Event "World Rapid 2019"]
[Site "Moscow RUS"]
[Date "2019.12.26"]
[Round "3.75"]
[White "Drygalov, Sergey"]
[Black "Sychev, Klementy"]
[Result "1/2-1/2"]
[WhiteTitle "IM"]
[BlackTitle "GM"]
[WhiteElo "2473"]
[BlackElo "2563"]
[WhiteFideId "24171743"]
[BlackFideId "4114060"]
[EventDate "2019.12.26"]
[EventType "rapid"]

1. d4 Nf6 2. c4 g6 3. Nc3 d5 4. Nf3 Bg7 5. cxd5 Nxd5 6. e4 Nxc3 7. bxc3 c5 8.
Be3 Qa5 9. Qd2 Nc6 10. Rb1 a6 11. Rc1 cxd4 12. cxd4 Qxd2+ 13. Kxd2 e6 14. Bd3
O-O 15. Rc4 Rd8 16. Rhc1 Bd7 17. Bg5 f6 18. Be3 Bf8 19. Rb1 b5 20. Rc2 Nb4 21.
Rcb2 Nxd3 22. Kxd3 b4 23. Rc2 a5 24. e5 f5 25. Rc7 a4 26. Kd2 h6 27. d5 exd5 28.
Bc5 Bxc5 29. Rxc5 Rab8 30. Nd4 f4 31. Rxd5 b3 32. Rd6 bxa2 33. Ra1 Be8 34. Rxa2
Rxd6 35. exd6 Rd8 36. Kd3 Rxd6 37. Ke4 g5 38. Ke5 Ra6 39. g3 fxg3 40. hxg3 Ra5+
41. Kf6 Ra6+ 42. Ke5 Bg6 43. f4 a3 44. fxg5 Bf7 45. Ra1 hxg5 46. Kf5 Ra5+ 47.
Kf6 g4 48. Nf5 Kf8 49. Ne3 a2 50. Nxg4 Rb5 51. Ne3 Rb3 52. Nc2 Rb2 53. Nd4 Rb1
54. Nc2 Bb3 55. Ke5 Kg7 56. Kd4 Kh6 57. Kc3 Kg5 58. Na3 Rxa1 59. Kxb3 Rg1 60.
Kxa2 Rxg3 61. Kb2 Kf4 62. Nb5 Ke4 63. Kc2 Kd5 64. Kd2 Rb3 65. Nc3+ Kc4 66. Ne2
Ra3 67. Nf4 Rg3 68. Ne2 Rf3 69. Nc1 Kd4 70. Ne2+ Kc4 71. Nc1 Rf6 72. Ne2 Re6 73.
Nf4 Re8 74. Ne2 Re4 75. Ng3 Rd4+ 76. Ke3 Rd3+ 77. Kf4 Kd5 78. Nf5 Ke6 79. Ke4
Rd1 80. Nd4+ Kd6 81. Nf5+ Kc5 82. Ne3 Rd8 83. Nf5 Re8+ 84. Kd3 Re6 85. Ne3 Re5
86. Ng4 Rg5 87. Ne3 Rg1 88. Ke4 Ra1 89. Ke5 Ra4 90. Nf5 Kc4 91. Ke4 Rb4 92. Nd6+
Kc3+ 93. Ke3 Rb6 94. Ne4+ Kc4 95. Nd2+ Kd5 96. Nf3 Rb4 97. Nd2 Ra4 98. Nf3 Rc4
99. Nd2 Rc2 100. Nf3 Ra2 101. Nd2 Ra3+ 102. Kf4 Rc3 103. Nf3 1/2-1/2

[Event "World Rapid 2019"]
[Site "Moscow RUS"]
[Date "2019.12.26"]
[Round "3.76"]
[White "Tari, Aryan"]
[Black "Ismagambetov, Anuar"]
[Result "1-0"]
[WhiteTitle "GM"]
[BlackTitle "GM"]
[WhiteElo "2634"]
[BlackElo "2528"]
[WhiteFideId "1510045"]
[BlackFideId "13701525"]
[EventDate "2019.12.26"]
[EventType "rapid"]

1. e4 c5 2. Nf3 Nc6 3. Bb5 g6 4. Bxc6 bxc6 5. d4 cxd4 6. Qxd4 Nf6 7. e5 Nd5 8.
Qh4 Ba6 9. c4 Nb4 10. Qe4 d5 11. exd6 Qxd6 12. O-O f5 13. Qe2 Bg7 14. Na3 O-O
15. Rd1 Qf6 16. Bd2 Qxb2 17. Rab1 Qxa3 18. Bxb4 Qa4 19. Ng5 Bf6 20. Qe6+ Kg7 21.
Bxe7 Bxg5 22. Bxg5 Rf7 23. Rd7 Rf8 24. Bf6+ 1-0

[Event "World Rapid 2019"]
[Site "Moscow RUS"]
[Date "2019.12.26"]
[Round "3.77"]
[White "Mesropov, Konstantin"]
[Black "Potkin, Vladimir"]
[Result "1/2-1/2"]
[WhiteTitle "IM"]
[BlackTitle "GM"]
[WhiteElo "2422"]
[BlackElo "2583"]
[WhiteFideId "4116887"]
[BlackFideId "4131061"]
[EventDate "2019.12.26"]
[EventType "rapid"]

1. d4 Nf6 2. Bg5 d5 3. Nd2 Nc6 4. e3 e5 5. Bb5 exd4 6. exd4 Be7 7. Ngf3 O-O 8.
O-O Bg4 9. c3 Ne4 10. Bxe7 Nxe7 11. Be2 Ng6 12. Nxe4 dxe4 13. Nd2 Bxe2 14. Qxe2
f5 15. f4 exf3 16. Nxf3 Qd5 17. Ng5 Rae8 18. Qh5 h6 19. Qxg6 hxg5 20. Qxg5 Re2
21. Rf2 Qe4 22. Qg3 Re3 23. Qf4 Qe6 24. Raf1 c6 25. Qg5 Re1 26. a3 f4 27. Qh5
Qe3 28. Rxe1 Qxe1+ 29. Rf1 Qe3+ 30. Kh1 Qd2 31. Qg4 Qxb2 32. Qe6+ Kh7 33. Qh3+
Kg8 34. Qe6+ Kh7 1/2-1/2

[Event "World Rapid 2019"]
[Site "Moscow RUS"]
[Date "2019.12.26"]
[Round "3.78"]
[White "Sethuraman, S.P."]
[Black "Studer, Noel"]
[Result "1-0"]
[WhiteTitle "GM"]
[BlackTitle "GM"]
[WhiteElo "2638"]
[BlackElo "2546"]
[WhiteFideId "5021596"]
[BlackFideId "1319620"]
[EventDate "2019.12.26"]
[EventType "rapid"]

1. Nf3 d5 2. c4 d4 3. b4 f6 4. e3 e5 5. c5 a5 6. Qa4+ Bd7 7. Qb3 axb4 8. Bc4 Nh6
9. exd4 e4 10. Ng1 Nc6 11. Bb2 Bg4 12. Bb5 Bd7 13. Ne2 Nf5 14. a4 b6 15. O-O Be7
16. Qd5 Ne5 17. Bxd7+ Qxd7 18. Qxa8+ Kf7 19. Qxe4 1-0

[Event "World Rapid 2019"]
[Site "Moscow RUS"]
[Date "2019.12.26"]
[Round "3.79"]
[White "Abdusattorov, Nodirbek"]
[Black "Jumabayev, Rinat"]
[Result "0-1"]
[WhiteTitle "GM"]
[BlackTitle "GM"]
[WhiteElo "2635"]
[BlackElo "2646"]
[WhiteFideId "14204118"]
[BlackFideId "13702661"]
[EventDate "2019.12.26"]
[EventType "rapid"]

1. e4 e6 2. d4 d5 3. Nc3 Nf6 4. e5 Nfd7 5. f4 c5 6. Nf3 Nc6 7. Be3 a6 8. Qd2 b5
9. Bd3 Qb6 10. Qf2 cxd4 11. Nxd4 Bc5 12. Nce2 f6 13. O-O-O fxe5 14. fxe5 Ndxe5
15. Rhf1 Bd7 16. Qh4 Ne7 17. Kb1 O-O-O 18. Qg3 Nc4 19. Bg1 Qd6 20. Qxg7 Rhg8 21.
Qxh7 Rxg2 22. Nxe6 Rxg1 23. Nxd8 Rxf1 24. Rxf1 Nd2+ 25. Ka1 Nxf1 26. Nf7 Qf6 27.
c3 Nxh2 28. Qxh2 Qxf7 29. Nc1 Qg7 30. Bb1 Nc6 31. Nd3 Bb6 32. Qd6 d4 33. cxd4
Qxd4 34. Qf8+ Kb7 35. Qf7 Kb8 36. Nf4 Bc7 37. Nd3 Qd6 38. Nc5 Qxc5 39. Qxd7 Qd6
40. Qe8+ Ka7 41. Qf7 Kb6 42. a3 Qd4 43. Qb3 Be5 44. Bd3 Na5 45. Qe6+ Qd6 46.
Qxd6+ Bxd6 47. Ka2 Be5 48. b3 Bc3 49. a4 b4 50. Bh7 Nc6 51. Bg8 a5 52. Kb1 Nd4
53. Kc1 Kc5 54. Kd1 Kd6 55. Kc1 Ke5 56. Kd1 Kf4 57. Kc1 Ke3 58. Kd1 Bd2 59. Bc4
Bc3 60. Kc1 Be1 61. Bd5 Kd3 62. Kb2 Bh4 63. Bf7 Bf6 64. Bg8 Kd2 65. Bf7 Ne2+ 66.
Kb1 Nc3+ 0-1

[Event "World Rapid 2019"]
[Site "Moscow RUS"]
[Date "2019.12.26"]
[Round "3.80"]
[White "Yagupov, Igor"]
[Black "Piorun, Kacper"]
[Result "1-0"]
[WhiteTitle "GM"]
[BlackTitle "GM"]
[WhiteElo "2357"]
[BlackElo "2611"]
[WhiteFideId "4113632"]
[BlackFideId "1130420"]
[EventDate "2019.12.26"]
[EventType "rapid"]

1. e4 c6 2. d4 d5 3. e5 Bf5 4. Nf3 e6 5. Be2 Nd7 6. O-O Ne7 7. Nbd2 h6 8. Nb3
Nc8 9. Bd2 Be7 10. Rc1 Ncb6 11. Na5 Rb8 12. b4 O-O 13. Re1 Na4 14. c4 Nb2 15.
Qb3 Nxc4 16. Nxc4 dxc4 17. Bxc4 Nb6 18. Bf1 Nd5 19. a4 Qd7 20. b5 Rfc8 21. h3
Qd8 22. Rc4 Nb6 23. Ba5 Qd5 24. Bxb6 axb6 25. Rec1 Rd8 26. Bd3 cxb5 27. axb5
Bxd3 28. Qxd3 Qxb5 29. Rb1 Qa6 30. Qb3 Rdc8 31. Ra4 Qe2 32. Ra2 Qe4 33. Qxb6 Rc6
34. Qb5 Rbc8 35. Re1 Rc1 36. Re2 Qc6 37. Rxc1 Qxc1+ 38. Re1 Qc6 39. Qxc6 Rxc6
40. Rb1 b6 41. Kf1 Bd8 42. Rb2 Kf8 43. Ke2 Rc3 44. Nd2 f5 45. Ra2 Ke7 46. Ra7+
Rc7 47. Ra8 Kd7 48. Kd3 Rc1 49. Nc4 Bc7 50. Rg8 g5 51. Rg7+ Kc6 52. Re7 b5 53.
Ne3 f4 54. Nc2 Rg1 55. Nb4+ Kb6 56. Rxe6+ Ka5 57. Nd5 Bb8 58. Re8 Rd1+ 59. Kc3
Ba7 60. Ra8 Ka6 61. Nb4+ Kb7 62. Rd8 Bb6 63. Rd7+ Kc8 64. e6 Re1 65. d5 Bxf2 66.
Nc6 Bc5 67. Na7+ Kb8 68. Nxb5 Re2 69. Kc4 Rc2+ 70. Nc3 Kc8 71. Kxc5 Rxc3+ 72.
Kd6 Ra3 73. Rc7+ Kb8 74. e7 1-0

[Event "World Rapid 2019"]
[Site "Moscow RUS"]
[Date "2019.12.26"]
[Round "3.81"]
[White "Petrosyan, Manuel"]
[Black "Vavulin, Maxim"]
[Result "1-0"]
[WhiteTitle "GM"]
[BlackTitle "GM"]
[WhiteElo "2613"]
[BlackElo "2556"]
[WhiteFideId "13300857"]
[BlackFideId "4169530"]
[EventDate "2019.12.26"]
[EventType "rapid"]

1. d4 Nf6 2. c4 e6 3. Nc3 Bb4 4. Qc2 b6 5. a3 Bxc3+ 6. Qxc3 Bb7 7. Bg5 h6 8. Bh4
d6 9. f3 c5 10. dxc5 bxc5 11. Rd1 Nc6 12. Bg3 e5 13. b4 Qe7 14. e3 O-O 15. Be2
cxb4 16. axb4 Rfc8 17. Qd2 Rd8 18. b5 Nb8 19. c5 Bd5 20. c6 a6 21. e4 Be6 22.
Bxe5 Ne8 23. Bb2 axb5 24. Bxb5 Nc7 25. Qc3 Qg5 26. Bf1 f6 27. Ne2 Bf7 28. h4 Qa5
29. Nd4 Qxc3+ 30. Bxc3 d5 31. Nb5 Nba6 32. Ba5 Rac8 33. exd5 Rxd5 34. Rxd5 Bxd5
35. Kf2 Nxb5 36. Bxb5 Nc7 37. Bxc7 Rxc7 38. Rd1 Be6 39. Ke3 Rc8 40. Rd6 Kf7 41.
Kd4 h5 42. Kc5 g5 43. hxg5 fxg5 44. Ba6 Ra8 45. Kb6 Ke7 46. Rd2 g4 47. fxg4 Bxg4
48. c7 Rg8 49. Rc2 Rg6+ 50. Ka7 h4 51. c8=Q Bxc8 52. Bxc8 Kd6 53. Bh3 Ke5 54.
Rc4 Rh6 55. Kb7 Kd5 56. Ra4 Rh7+ 57. Kb6 Rh6+ 58. Kb5 Rh8 59. Rg4 Rb8+ 60. Ka4
Rh8 61. Kb3 1-0

[Event "World Rapid 2019"]
[Site "Moscow RUS"]
[Date "2019.12.26"]
[Round "3.82"]
[White "Tsoi, Dmitry"]
[Black "Novikov, Stanislav"]
[Result "1/2-1/2"]
[WhiteTitle "FM"]
[BlackTitle "GM"]
[WhiteElo "2321"]
[BlackElo "2531"]
[WhiteFideId "24194697"]
[BlackFideId "4125371"]
[EventDate "2019.12.26"]
[EventType "rapid"]

1. f4 Nf6 2. Nf3 g6 3. d3 Bg7 4. e4 d6 5. Be2 c5 6. O-O Nc6 7. Nbd2 O-O 8. c3
Ng4 9. Nc4 b5 10. Ne3 b4 11. d4 bxc3 12. bxc3 Rb8 13. h3 Nxe3 14. Bxe3 Qa5 15.
Qe1 Rb2 16. Bc4 Ba6 17. Bxa6 Qxa6 18. Rf2 Rfb8 19. e5 Qd3 20. Rd1 Qc4 21. Ng5
cxd4 22. cxd4 Qxa2 23. Ne4 Qd5 24. Nc3 Qc4 25. Ne4 Rxf2 26. Bxf2 Nb4 27. Qd2 Nd5
28. Rc1 Qa6 29. Bg3 Rc8 30. Rb1 Qc6 31. Kh2 h6 32. exd6 exd6 33. f5 Rd8 34. Rf1
Ne7 35. f6 Qxe4 36. Re1 Qd5 37. fxe7 Re8 38. Qb4 Bf6 39. Bxd6 Qxd4 40. Qa3 Bg5
41. Kh1 Bf6 42. Bc5 Qc3 43. Qxc3 Bxc3 44. Rd1 f5 45. g4 a5 46. gxf5 gxf5 47. Rd5
Bb4 48. Rxf5 Bxc5 49. Rxc5 Rxe7 1/2-1/2

[Event "World Rapid 2019"]
[Site "Moscow RUS"]
[Date "2019.12.26"]
[Round "3.83"]
[White "Petrov, Nikita"]
[Black "Miranda Neto, Jayme Amorim"]
[Result "1-0"]
[WhiteTitle "GM"]
[BlackTitle "CM"]
[WhiteElo "2585"]
[BlackElo "2102"]
[WhiteFideId "4101286"]
[BlackFideId "2115964"]
[EventDate "2019.12.26"]
[EventType "rapid"]

1. c4 Nf6 2. Nc3 e6 3. e4 d6 4. d4 Nbd7 5. Nf3 c5 6. d5 e5 7. Be2 Be7 8. O-O Nf8
9. Ne1 Ng6 10. Nd3 O-O 11. Be3 Bd7 12. a3 Qc7 13. Rc1 b6 14. b4 Qc8 15. bxc5
bxc5 16. Rb1 Qa6 17. Qc2 Rab8 18. a4 Rb6 19. f3 Rfb8 20. Nb5 R6b7 21. Rb2 Qa5
22. Bd2 Qd8 23. Rfb1 a6 24. Nc3 Qc7 25. Rb3 Rxb3 26. Rxb3 Rxb3 27. Qxb3 Bd8 28.
g3 Qb6 29. Qc2 Bc7 30. f4 exf4 31. gxf4 Qb8 32. Be3 Qe8 33. Bf3 Ba5 34. Nf2 Bxc3
35. Qxc3 Bxa4 36. Qa5 Bc2 37. e5 dxe5 38. f5 Bxf5 39. Qxc5 e4 40. Be2 h6 41. Qd4
Ne5 42. c5 Bd7 43. Nxe4 Nfg4 44. Bf4 Bb5 45. Bxg4 Nxg4 46. h3 f5 47. hxg4 fxe4
48. Qe5 Qg6 49. g5 hxg5 50. Bxg5 Qh5 51. Qe6+ Kh8 52. Qc8+ Kh7 53. Qf5+ Kh8 54.
c6 Qd1+ 55. Kh2 Qe2+ 56. Kg3 Qe1+ 57. Kf4 Qf2+ 58. Ke5 e3 59. Qh3+ Kg8 60. Qe6+
Kh7 61. Qh3+ Kg8 62. Qxe3 Qb2+ 63. Kd6 Qb4+ 64. Kd7 Qg4+ 65. Qe6+ 1-0

[Event "World Rapid 2019"]
[Site "Moscow RUS"]
[Date "2019.12.26"]
[Round "3.84"]
[White "Tissir, Mohamed"]
[Black "Gundavaa, Bayarsaikhan"]
[Result "1/2-1/2"]
[WhiteTitle "IM"]
[BlackTitle "GM"]
[WhiteElo "2379"]
[BlackElo "2489"]
[WhiteFideId "9000240"]
[BlackFideId "4901045"]
[EventDate "2019.12.26"]
[EventType "rapid"]

1. e4 c5 2. Nc3 Nc6 3. Bb5 Nd4 4. Bc4 e6 5. Nge2 Ne7 6. Nxd4 cxd4 7. Ne2 Nc6 8.
O-O Be7 9. d3 O-O 10. Bb3 a5 11. a4 Rb8 12. f4 b5 13. f5 bxa4 14. Rxa4 Ba6 15.
Ng3 Rxb3 16. cxb3 Ne5 17. Nh5 Bxd3 18. Bf4 Bxf1 19. Bxe5 f6 20. Bxd4 Bb5 21. Ra1
e5 22. Bxe5 Qb6+ 23. Bd4 Bc5 24. Bxc5 Qxc5+ 25. Kh1 Bc6 26. Qe1 Qe5 27. Rxa5
Qxb2 28. h3 Qxb3 29. Kh2 Re8 30. e5 fxe5 31. f6 g6 32. Ng7 Rf8 33. Rxe5 Qb2 34.
Re2 Qxf6 35. Ne8 Qf4+ 36. Kg1 Qd4+ 37. Kh2 Qf4+ 38. Kg1 d5 39. Re7 d4 40. Qe6+
Kh8 41. Qxc6 Qf2+ 42. Kh2 Qf4+ 43. Kg1 Qf2+ 44. Kh2 Qf4+ 1/2-1/2

[Event "World Rapid 2019"]
[Site "Moscow RUS"]
[Date "2019.12.26"]
[Round "3.85"]
[White "Triapishko, Alexandr"]
[Black "Guimaraes, Diogo Duarte"]
[Result "1-0"]
[WhiteTitle "IM"]
[BlackTitle "FM"]
[WhiteElo "2502"]
[BlackElo "2322"]
[WhiteFideId "14122286"]
[BlackFideId "2112450"]
[EventDate "2019.12.26"]
[EventType "rapid"]

1. Nf3 Nf6 2. g3 d5 3. Bg2 Nc6 4. d4 Bf5 5. O-O e6 6. c4 Be7 7. Nc3 O-O 8. cxd5
exd5 9. Ne5 Na5 10. b3 c6 11. Bb2 Nd7 12. e4 dxe4 13. Nxe4 Qb6 14. Qe2 Rfe8 15.
Rad1 Rad8 16. Nxd7 Rxd7 17. Nc5 Rdd8 18. Qf3 Bg6 19. Qc3 f6 20. b4 Qc7 1-0

[Event "World Rapid 2019"]
[Site "Moscow RUS"]
[Date "2019.12.26"]
[Round "3.86"]
[White "Murzin, Volodar"]
[Black "Frolyanov, Dmitry"]
[Result "1-0"]
[WhiteTitle "IM"]
[BlackTitle "GM"]
[WhiteElo "2442"]
[BlackElo "2556"]
[WhiteFideId "44155573"]
[BlackFideId "4151976"]
[EventDate "2019.12.26"]
[EventType "rapid"]

1. e4 c5 2. Nf3 Nc6 3. Bb5 g6 4. Bxc6 bxc6 5. O-O Bg7 6. Re1 Nh6 7. c3 O-O 8. d4
cxd4 9. cxd4 d5 10. e5 f6 11. h3 fxe5 12. Bxh6 Bxh6 13. Nxe5 Qb6 14. b3 Rf4 15.
Nf3 Bf5 16. Nbd2 Rf8 17. Rxe7 Be4 18. Qe2 Qd8 19. Rxa7 Bg7 20. Re1 Qb6 21. Ra6
Qb7 22. Ra4 Qc8 23. Ra7 Qb8 24. Qa6 Qb4 25. Qb7 Qxb7 26. Rxb7 h6 27. Rc1 Rc8 28.
Rb6 Rf6 29. Ne5 c5 30. Rb5 Ra8 31. Rbxc5 Rxa2 32. Nxe4 dxe4 33. R5c2 Ra3 34. Re1
Rxb3 35. Rxe4 Kh7 36. Nf3 Rf7 37. Rce2 Rbb7 38. Kh2 Rfd7 39. h4 Bf6 40. Rf4 Kg7
41. Re6 Rf7 42. g3 Rbd7 43. Kg2 Rf8 44. Ne5 Rd5 45. Ng4 Bxd4 46. Re7+ 1-0

[Event "World Rapid 2019"]
[Site "Moscow RUS"]
[Date "2019.12.26"]
[Round "3.87"]
[White "Krsnik Cohar, Ivan Vihor"]
[Black "Narayanan, Srinath"]
[Result "0-1"]
[WhiteTitle "FM"]
[BlackTitle "GM"]
[WhiteElo "2313"]
[BlackElo "2529"]
[WhiteFideId "14520044"]
[BlackFideId "5018420"]
[EventDate "2019.12.26"]
[EventType "rapid"]

1. d4 Nf6 2. Bg5 e6 3. Nd2 h6 4. Bh4 c5 5. e3 b6 6. Ngf3 Ba6 7. Bxa6 Nxa6 8. c3
Be7 9. Ne5 O-O 10. O-O Nc7 11. f4 Qe8 12. Qf3 Nfd5 13. Bf2 d6 14. Nd3 f5 15.
Rae1 Nf6 16. e4 Nxe4 17. Nxe4 fxe4 18. Rxe4 c4 19. Nc1 d5 20. Ree1 Qd7 21. Ne2
Bd6 22. Be3 b5 23. Ng3 b4 24. Qg4 bxc3 25. bxc3 Rab8 26. Re2 Kh7 27. Bc1 Rf6 28.
Nh5 Rg6 29. Qh3 Rf8 30. Kh1 Ne8 31. g4 Bc7 32. f5 exf5 33. gxf5 Rb6 34. Rfe1
Qxf5 35. Qxf5+ Rxf5 36. Rxe8 Rxh5 37. R8e2 Rf6 38. Be3 Rf3 39. Rc2 Bg3 40. Kg2
Rxe3 41. Rxe3 Rxh2+ 42. Kxg3 Rxc2 43. Kf4 Rxa2 44. Ke5 Ra5 45. Rf3 h5 46. Rf5
Kh6 47. Rf8 Kg5 48. Rf5+ Kg6 49. Kf4 Rb5 50. Re5 Kh6 51. Kf5 g6+ 52. Kf4 a5 53.
Re6 Rb1 54. Ra6 Rf1+ 55. Ke5 Rf5+ 56. Ke6 h4 57. Rxa5 Kg5 58. Ra1 h3 59. Rg1+
Kf4 60. Rxg6 Rh5 61. Rf6+ Ke4 62. Kd6 h2 0-1

[Event "World Rapid 2019"]
[Site "Moscow RUS"]
[Date "2019.12.26"]
[Round "3.88"]
[White "Mamatov, Melis"]
[Black "Yilmaz, Mustafa"]
[Result "0-1"]
[BlackTitle "GM"]
[WhiteElo "2292"]
[BlackElo "2604"]
[WhiteFideId "13800027"]
[BlackFideId "6302718"]
[EventDate "2019.12.26"]
[EventType "rapid"]

1. e4 c5 2. Nc3 Nc6 3. Nf3 e6 4. d4 cxd4 5. Nxd4 Qc7 6. b3 a6 7. Bb2 Nf6 8. Nxc6
dxc6 9. Bd3 Bd6 10. h3 O-O 11. O-O b5 12. Qe2 Bb7 13. Nd1 Nd7 14. Ne3 Ne5 15.
Ng4 Rad8 16. Kh1 f6 17. Rad1 c5 18. c3 Nxd3 19. Rxd3 Qc6 20. f3 Bb8 21. Rxd8
Rxd8 22. Rd1 Rxd1+ 23. Qxd1 Qc7 24. Kg1 c4 25. bxc4 Ba7+ 26. Kh1 h5 27. Nh2 Qxc4
28. Qd8+ 0-1

[Event "World Rapid 2019"]
[Site "Moscow RUS"]
[Date "2019.12.26"]
[Round "3.89"]
[White "Reshetnikov, Alexey"]
[Black "Thing, Bibek"]
[Result "1-0"]
[WhiteTitle "IM"]
[BlackTitle "CM"]
[WhiteElo "2492"]
[BlackElo "2222"]
[WhiteFideId "4162080"]
[BlackFideId "12303135"]
[EventDate "2019.12.26"]
[EventType "rapid"]

1. d4 Nf6 2. c4 e6 3. Nf3 d5 4. Nc3 Be7 5. Bg5 h6 6. Bh4 O-O 7. e3 Ne4 8. Bxe7
Qxe7 9. cxd5 Nxc3 10. bxc3 exd5 11. Qb3 c6 12. Bd3 b6 13. O-O Qd6 14. a4 c5 15.
Qa3 Rd8 16. Rfd1 Bg4 17. Be2 Nc6 18. h3 Bh5 19. Qa2 Rac8 20. Nh4 Bxe2 21. Qxe2
Na5 22. Nf3 cxd4 23. cxd4 Rc7 24. Ne5 Nc4 25. Nd3 Rdc8 26. Nf4 Re8 27. Qf3 Rd7
28. Ra2 a6 29. Rb1 Rb8 30. Rb3 b5 31. axb5 axb5 32. Nd3 Rdb7 33. Nb4 Rd7 34. Ra6
Rb6 35. Ra8+ Kh7 36. Qf5+ g6 37. Qd3 Kg7 38. Rb1 Qe6 39. Rba1 Qe7 40. Qc3 Qe6
41. Nd3 Qd6 42. Qb4 Qxb4 43. Nxb4 Kf6 44. Rc8 Ke6 45. Raa8 Nd6 46. Rc5 Ne4 1-0

[Event "World Rapid 2019"]
[Site "Moscow RUS"]
[Date "2019.12.26"]
[Round "3.90"]
[White "Sek, Konstantin"]
[Black "Wojtaszek, Radoslaw"]
[Result "1-0"]
[BlackTitle "GM"]
[WhiteElo "2446"]
[BlackElo "2725"]
[WhiteFideId "24104302"]
[BlackFideId "1118358"]
[EventDate "2019.12.26"]
[EventType "rapid"]

1. e4 c5 2. Nf3 d6 3. d4 cxd4 4. Nxd4 Nf6 5. Nc3 a6 6. Bd3 e5 7. Nde2 Be7 8. O-O
Nc6 9. Nd5 Nxd5 10. exd5 Nb4 11. Bc4 Qc7 12. Bb3 a5 13. c3 Na6 14. Ba4+ Bd7 15.
Bxd7+ Qxd7 16. f4 O-O 17. f5 Rac8 18. Be3 Bh4 19. Qd3 Rfe8 20. Qe4 Qe7 21. Rf3
Nc5 22. Qg4 Bf6 23. Rh3 e4 24. Ng3 Nd3 25. Nh5 Ne5 26. Qxe4 Nc4 27. Qxe7 Bxe7
28. Bd4 Bg5 29. Rg3 h6 30. h4 Be3+ 31. Bxe3 Nxe3 32. Nf6+ Kf8 33. Nxe8 Rxe8 34.
Rf3 Ng4 35. a4 Re2 36. b4 Ne3 37. Rf2 1-0

[Event "World Rapid 2019"]
[Site "Moscow RUS"]
[Date "2019.12.26"]
[Round "3.91"]
[White "Golubov, Saveliy"]
[Black "Gutenev, Alexander"]
[Result "1-0"]
[WhiteTitle "IM"]
[BlackTitle "IM"]
[WhiteElo "2469"]
[BlackElo "2469"]
[WhiteFideId "24176729"]
[BlackFideId "4195540"]
[EventDate "2019.12.26"]
[EventType "rapid"]

1. d4 Nf6 2. Nf3 g6 3. Bg5 Bg7 4. Nbd2 d5 5. c3 O-O 6. e3 b6 7. Bd3 Bb7 8. Qb1
Nbd7 9. h3 c5 10. b4 Qc8 11. O-O Re8 12. Bf4 Nh5 13. Bh2 e5 14. Bb5 Bc6 15. Bxc6
Qxc6 16. g4 e4 17. gxh5 exf3 18. Nxf3 gxh5 19. bxc5 bxc5 20. Kh1 Qf6 21. Nd2 Kh8
22. Qd1 Qf5 23. Qf3 Qxf3+ 24. Nxf3 Rac8 25. Nh4 cxd4 26. cxd4 Rc2 27. a4 Nf6 28.
Rac1 Rec8 29. Rxc2 Rxc2 30. f3 Nd7 31. Nf5 h6 32. Rb1 Nb6 33. a5 Nc4 34. Rb7 Kh7
35. Rxa7 Kg6 36. Ne7+ Kg5 37. Nxd5 Rc1+ 38. Bg1 Kg6 39. Rc7 1-0

[Event "World Rapid 2019"]
[Site "Moscow RUS"]
[Date "2019.12.26"]
[Round "3.92"]
[White "Gareyev, Timur"]
[Black "Santos Ruiz, Miguel"]
[Result "1/2-1/2"]
[WhiteTitle "GM"]
[BlackTitle "GM"]
[WhiteElo "2598"]
[BlackElo "2585"]
[WhiteFideId "14200937"]
[BlackFideId "22291482"]
[EventDate "2019.12.26"]
[EventType "rapid"]

1. Nf3 d5 2. c4 e6 3. b3 Nf6 4. Bb2 dxc4 5. bxc4 c5 6. e3 Be7 7. g4 Nxg4 8. Rg1
Nf6 9. Rxg7 Nc6 10. Ng5 Rf8 11. Nxh7 Nxh7 12. Rxh7 Bf6 13. Bxf6 Qxf6 14. Nc3 Bd7
15. Qh5 b6 16. Rb1 O-O-O 17. Ne4 Qe5 18. Ng3 Qd6 19. Ne4 Qe5 20. Bg2 Rg8 21. Kf1
f5 22. f4 Qc7 23. Nf6 Qd6 24. Rd1 Rgf8 25. Qh6 Qd3+ 26. Kf2 Nd4 27. Rxd7 Qe2+
28. Kg3 Rg8+ 29. Rg7 Rh8 30. Nh7 Qxd1 31. Qf6 Rd7 32. Rxd7 Qg4+ 33. Kf2 Qe2+ 34.
Kg1 Qd1+ 35. Bf1 Qg4+ 36. Kf2 Qf3+ 37. Kg1 Qg4+ 38. Kf2 Qf3+ 39. Kg1 1/2-1/2

[Event "World Rapid 2019"]
[Site "Moscow RUS"]
[Date "2019.12.26"]
[Round "3.93"]
[White "Zvjaginsev, Vadim"]
[Black "Makoveev, Ilya"]
[Result "1-0"]
[WhiteTitle "GM"]
[BlackTitle "FM"]
[WhiteElo "2627"]
[BlackElo "2277"]
[WhiteFideId "4113403"]
[BlackFideId "34155748"]
[EventDate "2019.12.26"]
[EventType "rapid"]

1. e4 c5 2. Nf3 d6 3. Bd3 Nf6 4. O-O g6 5. Re1 Bg7 6. Bb5+ Bd7 7. Bxd7+ Nbxd7 8.
c3 O-O 9. d4 e6 10. h3 Rc8 11. e5 dxe5 12. dxe5 Nd5 13. c4 Nb4 14. Nc3 a6 15.
Qe2 Nc6 16. Bf4 Nd4 17. Qd1 Qc7 18. Nxd4 cxd4 19. Qxd4 Qxc4 20. Rad1 Qxd4 21.
Rxd4 Nb6 22. Ree4 Rfd8 23. Rxd8+ Rxd8 24. Rb4 Nd5 25. Nxd5 Rxd5 26. Rxb7 Bxe5
27. Bxe5 Rxe5 28. Kf1 g5 29. a4 Kg7 30. b4 a5 31. bxa5 Rxa5 32. Rb4 Kf6 33. Ke2
Ke5 34. Kd3 Kd5 35. h4 h6 36. h5 f6 37. g4 Kc5 38. Kc3 Kc6 39. f3 Re5 40. Re4
Ra5 41. Rxe6+ Kd5 42. Re4 Kc5 43. Rb4 Kc6 44. Rc4+ Kd5 45. Rd4+ Kc5 46. Rb4 Kc6
47. Rc4+ Kd5 48. Re4 Kc5 49. Kb3 Ra6 50. Rc4+ Kd5 51. Rb4 Kc6 52. Rb5 Ra8 53.
Rf5 Rf8 54. a5 Rb8+ 55. Kc4 Rf8 56. a6 Kb6 57. Kd5 Kxa6 58. Ke4 1-0